[Event "Ports Lge"]
[Site "?"]
[Date "1976.??.??"]
[Round "?"]
[White "Brameld, Arthur F"]
[Black "Crossin, Austin D"]
[Result "0-1"]
[WhiteElo "2150"]
[BlackElo "1885"]
[PlyCount "60"]
[EventDate "1976.??.??"]
[EventType "simul"]
[EventRounds "10"]

1. d4 d5 2. Nc3 Nf6 3. Bg5 e6 4. e4 dxe4 5. Nxe4 Be7 6. Bxf6 Bxf6 7. Nf3 O-O 8. Bc4 b6 9. O-O Bb7 10. Nxf6+ Qxf6 11. Ne5 Rd8 12. f4 c5 13. f5 Rxd4 14. Qh5 Qxe5 15. Rae1 Rd2 16. Qg4 Qd4+ 17. Qxd4 Rxg2+ 18. Kh1 cxd4 19. h4 Rxc2+ 20. Kg1 Rg2+ 21. Kh1 Rxb2+ 22. Kg1 Rg2+ 23. Kh1 Rxa2+ 24. Kg1 Rg2+ 25. Kh1 Rf2+ 26. Kg1 Rxf1+ 27. Kxf1 Ba6 28. Rc1 e5 29. Kf2 Bxc4 30. Rxc4 Na6 0-1

[Event "Ports Lge"]
[Site "?"]
[Date "1976.??.??"]
[Round "?"]
[White "Lee, Peter J"]
[Black "Brameld, Arthur F"]
[Result "0-1"]
[WhiteElo "2205"]
[BlackElo "2150"]
[PlyCount "42"]
[EventDate "1976.??.??"]
[EventType "simul"]
[EventRounds "10"]

1. d4 Nf6 2. c4 c5 3. Nf3 e6 4. Nc3 cxd4 5. Nxd4 Bb4 6. g3 Bxc3+ 7. bxc3 O-O 8. Bg2 Qc7 9. Ba3 Re8 10. Qb3 a6 11. O-O Nc6 12. Rab1 Na5 13. Qa4 Nxc4 14. Nb5 axb5 15. Qxa8 Nd2 16. Rxb5 Nxf1 17. Bxf1 b6 18. Qf3 Bb7 19. Bd6 Qc8 20. e4 Nxe4 21. Be5 Ng5 0-1

[Event "BrChQual"]
[Site "?"]
[Date "1976.??.??"]
[Round "?"]
[White "Love, T."]
[Black "Brameld, Arthur F"]
[Result "0-1"]
[WhiteElo "2005"]
[BlackElo "2150"]
[PlyCount "115"]
[EventDate "1976.??.??"]
[EventType "simul"]
[EventRounds "9"]

1. g3 e5 2. Bg2 Nc6 3. c4 g6 4. Nc3 Bg7 5. d3 d6 6. Nf3 h6 7. Rb1 Be6 8. O-O Qd7 9. Nd5 Nce7 10. Nd2 c6 11. Nc3 Bh3 12. b4 Bxg2 13. Kxg2 f5 14. Qb3 Nf6 15. b5 c5 16. a4 b6 17. a5 bxa5 18. Ra1 O-O 19. Bb2 Nh5 20. Rxa5 f4 21. Nde4 fxg3 22. hxg3 Qg4 23. Bc1 Nf4+ 24. Bxf4 exf4 25. f3 Qe6 26. Nd5 Nxd5 27. cxd5 Qe5 28. g4 h5 29. g5 Rf5 30. Kf2 Rxg5 31. Nxg5 Qxg5 32. Ke1 Qe5 33. Kd1 Re8 34. Ra2 Re7 35. Kc1 Qd4 36. Qc4 Rb7 37. Qxd4 Bxd4 38. Ra6 Be5 39. Ra5 Bc3 40. Ra6 Be5 41. Ra5 Kf7 42. Kc2 Kf6 43. Kb3 a6 44. Kc4 axb5+ 45. Rxb5 Ra7 46. Kb3 Bd4 47. Rh1 Ke5 48. Rb8 Kxd5 49. Rg8 Rb7+ 50. Ka3 Re7 51. Rxg6 Rxe2 52. Rxh5+ Be5 53. Rg1 Kd4 54. Rhh1 Rd2 55. Rd1 Rxd3+ 56. Ka4 Rxd1 57. Rxd1+ Ke3 58. Kb5 0-1

[Event "Ports Lge"]
[Site "?"]
[Date "1976.??.??"]
[Round "?"]
[White "Brameld, Arthur F"]
[Black "Stritton, Louis"]
[Result "1-0"]
[WhiteElo "2150"]
[BlackElo "2165"]
[PlyCount "39"]
[EventDate "1976.??.??"]
[EventType "simul"]
[EventRounds "10"]

1. d4 Nf6 2. Nc3 g6 3. e4 d6 4. f4 Bg7 5. Nf3 O-O 6. Bd3 c6 7. O-O Nbd7 8. e5 dxe5 9. dxe5 Nd5 10. Ne4 Qb6+ 11. Kh1 Nc5 12. Nxc5 Qxc5 13. Qe2 b5 14. Ng5 f6 15. Nxh7 Kxh7 16. Qh5+ Kg8 17. Bxg6 Rd8 18. Bf7+ Kf8 19. e6 Qd6 20. Qh7 1-0

[Event "FareCh"]
[Site "?"]
[Date "1976.??.??"]
[Round "?"]
[White "Brameld, Arthur F"]
[Black "Cole, Mike"]
[Result "1-0"]
[WhiteElo "2150"]
[BlackElo "1740"]
[PlyCount "49"]
[EventDate "1976.??.??"]
[EventType "swiss"]

1. d4 d5 2. Nc3 Nf6 3. Bg5 h6 4. Bxf6 exf6 5. g3 Be7 6. Bg2 c6 7. e4 Be6 8. Nge2 Na6 9. Nf4 Qd7 10. exd5 cxd5 11. Ncxd5 Bd6 12. O-O Bxf4 13. Nxf4 O-O 14. Nxe6 fxe6 15. d5 Rad8 16. dxe6 Qxe6 17. Qh5 Qf7 18. Qf5 Rfe8 19. Be4 Kf8 20. Rad1 b6 21. Bd5 Qc7 22. Qh7 Re5 23. Qg8+ Ke7 24. Qf7+ Kd6 25. Bf3+ 1-0

[Event "BrChQual"]
[Site "?"]
[Date "1976.??.??"]
[Round "?"]
[White "Brameld, Arthur F"]
[Black "Legg, I."]
[Result "0-1"]
[WhiteElo "2150"]
[BlackElo "2045"]
[PlyCount "84"]
[EventDate "1976.??.??"]
[EventType "simul"]
[EventRounds "9"]

1. d4 d5 2. Nc3 c5 3. dxc5 d4 4. Na4 Qa5+ 5. c3 Bd7 6. b3 dxc3 7. Qd4 Bxa4 8. Qxa4+ Qxa4 9. bxa4 e5 10. Ba3 Nd7 11. e3 Bxc5 12. Bxc5 Nxc5 13. Rc1 a6 14. Rxc3 Nxa4 15. Rc7 b5 16. Nf3 f6 17. Bd3 Ne7 18. O-O Kf7 19. Be4 Rhc8 20. Rfc1 Rxc7 21. Rxc7 Rc8 22. Bd5+ Ke8 23. Bc6+ Kf8 24. Rxc8+ Nxc8 25. Nd2 Nc3 26. Ne4 Nxe4 27. Bxe4 Nd6 28. Bxh7 b4 29. Bc2 a5 30. h4 Nb5 31. Kf1 Nc3 32. Ke1 Nxa2 33. Kd2 Nc3 34. Kc1 a4 35. Kb2 e4 36. f3 f5 37. fxe4 fxe4 38. g4 Kf7 39. Ka1 Kf6 40. Kb2 Kg6 41. Kc1 b3 42. Bd1 b2+ 0-1

[Event "Hants Lge"]
[Site "?"]
[Date "1976.??.??"]
[Round "?"]
[White "Keane, G."]
[Black "Brameld, Arthur F"]
[Result "1/2-1/2"]
[WhiteElo "2125"]
[BlackElo "2150"]
[PlyCount "37"]
[EventDate "1976.??.??"]
[EventType "simul"]
[EventRounds "3"]

1. e4 Nf6 2. Nc3 d5 3. exd5 Nxd5 4. Bc4 c6 5. d4 Bf5 6. Nf3 e6 7. O-O Nd7 8. Nxd5 cxd5 9. Bd3 Bxd3 10. Qxd3 Qc7 11. Re1 Rc8 12. c3 Bd6 13. Qf5 O-O 14. Qh3 Bf4 15. Bxf4 Qxf4 16. Re2 Rc6 17. Rae1 Rfc8 18. Qh5 g6 19. Qg5 1/2-1/2

[Event "Ports Lge"]
[Site "?"]
[Date "1976.??.??"]
[Round "?"]
[White "Brameld, Arthur F"]
[Black "Eastlake, Phil"]
[Result "1-0"]
[WhiteElo "2150"]
[BlackElo "1830"]
[PlyCount "60"]
[EventDate "1976.??.??"]
[EventType "simul"]
[EventRounds "10"]

1. e4 Nf6 2. e5 Nd5 3. d4 d6 4. Nf3 Bg4 5. h3 Bxf3 6. Qxf3 dxe5 7. dxe5 e6 8. a3 c6 9. Nd2 Qc7 10. Qg3 Nd7 11. f4 Be7 12. c4 N5b6 13. Ne4 O-O-O 14. Be3 Na4 15. b4 g5 16. c5 gxf4 17. Bxf4 Rhg8 18. Nd6+ Kb8 19. Qb3 b5 20. O-O-O a5 21. g4 Rdf8 22. Rh2 Bg5 23. Rf2 Bxf4+ 24. Rxf4 Nxe5 25. Re4 Ng6 26. Red4 e5 27. R4d2 Nf4 28. Bxb5 cxb5 29. Nxb5 Qc6 30. Qxa4 e4 1-0

[Event "FareClCh"]
[Site "?"]
[Date "1976.??.??"]
[Round "?"]
[White "Brameld, Arthur F"]
[Black "Silber, Warwick"]
[Result "1-0"]
[WhiteElo "2150"]
[BlackElo "1885"]
[PlyCount "153"]
[EventDate "1976.??.??"]
[EventType "game"]

1. Nf3 Nf6 2. g3 g6 3. Bg2 Bg7 4. O-O O-O 5. d3 d6 6. e4 Bg4 7. h3 Bxf3 8. Qxf3 e5 9. c3 Nbd7 10. Qe2 Nc5 11. f4 exf4 12. gxf4 Nh5 13. Kh2 Qh4 14. Qg4 Qxg4 15. hxg4 Nf6 16. g5 Nfd7 17. d4 Nd3 18. Na3 Nxc1 19. Raxc1 h6 20. Nc4 Rab8 21. Ne3 Nb6 22. Ng4 h5 23. Ne3 f6 24. gxf6 Bxf6 25. e5 dxe5 26. dxe5 Be7 27. Be4 Bc5 28. Rce1 Bxe3 29. Rxe3 g5 30. f5 g4 31. f6 Kf7 32. Bc2 Nd5 33. e6+ Kg8 34. f7+ Kg7 35. Re5 Ne7 36. Rxh5 Rh8 37. Rxh8 Rxh8+ 38. Kg3 Kf8 39. Be4 Rh6 40. Bxb7 Rxe6 41. Rf2 Rg6 42. Be4 Rg7 43. Rf6 c6 44. Bxc6 Nxc6 45. Rxc6 Rxf7 46. Rc8+ Kg7 47. Rc4 Rb7 48. Rxg4+ Kf6 49. b4 Ke5 50. Kf3 Rh7 51. Rg5+ Kd6 52. Ke4 Rh4+ 53. Kd3 Kc6 54. a4 a6 55. Rg6+ Kb7 56. a5 Rh7 57. Rb6+ Ka7 58. Rd6 Rh1 59. Rd7+ Kb8 60. Kc4 Rh3 61. Rd3 Rh5 62. Rd5 Rh8 63. Kc5 Rh6 64. Rd6 Rh5+ 65. Kb6 Kc8 66. Kxa6 Kc7 67. Rd4 Kb8 68. b5 Rh6+ 69. b6 Kc8 70. c4 Rc6 71. Kb5 Rh6 72. a6 Rh5+ 73. c5 Rh8 74. b7+ Kb8 75. Kb6 Rh6+ 76. c6 Rd6 77. a7# 1-0

[Event "IntLge"]
[Site "?"]
[Date "1976.??.??"]
[Round "?"]
[White "Keane, G."]
[Black "Brameld, Arthur F"]
[Result "1/2-1/2"]
[WhiteElo "2125"]
[BlackElo "2150"]
[PlyCount "46"]
[EventDate "1976.??.??"]
[EventType "game"]

1. d4 Nf6 2. Nf3 d5 3. Nc3 e6 4. Bg5 Be7 5. e3 h6 6. Bf4 Bd6 7. Be5 Nc6 8. Bd3 Bxe5 9. Nxe5 Nxe5 10. dxe5 Nd7 11. f4 Nc5 12. O-O g6 13. Kh1 b6 14. Qf3 Bb7 15. Rad1 Qe7 16. e4 O-O-O 17. exd5 exd5 18. Nb5 Kb8 19. Nd4 Nxd3 20. Qxd3 c5 21. Nb5 Ba6 22. Qb3 Bxb5 23. Qxb5 Qd7 1/2-1/2

[Event "Ports Lge"]
[Site "?"]
[Date "1976.??.??"]
[Round "?"]
[White "Patience, P John"]
[Black "Brameld, Arthur F"]
[Result "1/2-1/2"]
[WhiteElo "2120"]
[BlackElo "2150"]
[PlyCount "60"]
[EventDate "1976.??.??"]
[EventType "simul"]
[EventRounds "10"]

1. e4 Nf6 2. e5 Nd5 3. c4 Nb6 4. c5 Nd5 5. Bc4 c6 6. Nc3 d6 7. Nxd5 cxd5 8. Bxd5 e6 9. cxd6 exd5 10. Ne2 Qg5 11. d4 Qxg2 12. Rg1 Qe4 13. Be3 Bxd6 14. exd6 O-O 15. Nc3 Qe6 16. Qf3 Qxd6 17. Nxd5 f5 18. Qg3 Qxg3 19. Rxg3 Na6 20. Rc1 Be6 21. Nc7 Nxc7 22. Rxc7 g6 23. Bf4 Rf7 24. Rxf7 Kxf7 25. Rc3 Rc8 26. Rxc8 Bxc8 27. Kd2 Be6 28. b3 Bd5 29. h4 Ke6 30. Kd3 a6 1/2-1/2

[Event "Hants Lge"]
[Site "?"]
[Date "1976.??.??"]
[Round "?"]
[White "Brameld, Arthur F"]
[Black "Stringer, Dave"]
[Result "0-1"]
[WhiteElo "2150"]
[BlackElo "1885"]
[PlyCount "70"]
[EventDate "1976.??.??"]
[EventType "simul"]
[EventRounds "3"]

1. e4 c5 2. Nf3 d6 3. d4 cxd4 4. Qxd4 Nc6 5. Bb5 Bd7 6. Bxc6 Bxc6 7. Nc3 Nf6 8. Bg5 e5 9. Qd3 h6 10. Bh4 g5 11. Bg3 Qa5 12. Nd2 b5 13. Nb3 Qb6 14. h4 g4 15. f3 b4 16. Bf2 Qd8 17. Nd5 Bxd5 18. exd5 a5 19. a4 Qb8 20. Qc4 Qb7 21. O-O-O h5 22. Rhe1 Kd7 23. Be3 Qa6 24. Nxa5 Qxa5 25. Qc6+ Ke7 26. Bg5 Bg7 27. f4 Rhc8 28. fxe5 Rxc6 29. exf6+ Kf8 30. fxg7+ Kxg7 31. dxc6 Qc5 32. Be7 b3 33. c3 Rxa4 34. Rxd6 Qf2 35. Bf6+ Kh7 0-1

[Event "FareCh"]
[Site "?"]
[Date "1976.??.??"]
[Round "?"]
[White "Tadevossian, Harry"]
[Black "Brameld, Arthur F"]
[Result "0-1"]
[WhiteElo "1660"]
[BlackElo "2150"]
[PlyCount "100"]
[EventDate "1976.??.??"]
[EventType "swiss"]

1. e4 Nf6 2. e5 Nd5 3. d4 d6 4. Nf3 g6 5. Bc4 Nb6 6. Bb3 Bg7 7. Bf4 O-O 8. O-O Nc6 9. Re1 dxe5 10. Bxe5 Bxe5 11. dxe5 Qxd1 12. Rxd1 Bg4 13. Nbd2 Na5 14. h3 Nxb3 15. cxb3 Bf5 16. Nd4 Rfd8 17. N2f3 Be4 18. Ng5 Bd5 19. e6 f6 20. Nf7 Rdc8 21. Nh6+ Kg7 22. Ng4 c5 23. Nb5 a6 24. Nc3 Bxe6 25. Re1 Rc6 26. Re3 h5 27. Nh2 Kf7 28. Rae1 Re8 29. Nf3 Bd7 30. Nd2 e5 31. Rd1 Be6 32. Nde4 Ke7 33. Red3 Bf5 34. R3d2 Bxe4 35. Nxe4 Rec8 36. a4 R8c7 37. a5 Nd7 38. Nc3 Ke6 39. f4 exf4 40. Nd5 g5 41. Nxc7+ Rxc7 42. Rd6+ Ke7 43. R6d5 Nf8 44. Kf2 Ne6 45. Rc1 Rd7 46. Rcd1 Nd4 47. Rxd7+ Kxd7 48. g3 fxg3+ 49. Kxg3 Kc6 50. Rf1 f5 0-1

[Event "BrChQual"]
[Site "?"]
[Date "1976.??.??"]
[Round "?"]
[White "Clarke, Margaret"]
[Black "Brameld, Arthur F"]
[Result "1/2-1/2"]
[WhiteElo "1950"]
[BlackElo "2150"]
[PlyCount "81"]
[EventDate "1976.??.??"]
[EventType "simul"]
[EventRounds "9"]

1. e4 Nf6 2. Nc3 d5 3. e5 Ne4 4. d3 Nxc3 5. bxc3 c5 6. d4 Nc6 7. Be3 Qa5 8. Qd2 e6 9. Ne2 b6 10. f4 Ba6 11. g3 Bxe2 12. Kxe2 cxd4 13. cxd4 Rc8 14. Qxa5 Nxa5 15. Kd3 Nc4 16. Bc1 Bb4 17. Rb1 Ba5 18. Rb3 O-O 19. h4 f5 20. h5 g6 21. hxg6 hxg6 22. g4 Rf7 23. gxf5 gxf5 24. Rg1+ Rg7 25. Rxg7+ Kxg7 26. Ke2 Rh8 27. Rg3+ Kf7 28. Kf2 b5 29. Rh3 Rxh3 30. Bxh3 Bc3 31. Be3 Na3 32. Bf1 Nxc2 33. Bxb5 Bxd4 34. Bxd4 Nxd4 35. Ba4 a6 36. Ke3 Nb5 37. Bxb5 axb5 38. Kd4 Ke7 39. Kc5 Kd7 40. Kxb5 Kc7 41. Kc5 1/2-1/2

[Event "BrChQual"]
[Site "?"]
[Date "1976.??.??"]
[Round "?"]
[White "Brameld, Arthur F"]
[Black "Clarke, Peter H"]
[Result "0-1"]
[WhiteElo "2150"]
[BlackElo "2335"]
[PlyCount "52"]
[EventDate "1976.??.??"]
[EventType "simul"]
[EventRounds "9"]

1. c4 b6 2. e4 Bb7 3. Nc3 e6 4. d4 Bb4 5. d5 Bxc3+ 6. bxc3 Na6 7. Qd4 f6 8. Ba3 e5 9. Qe3 d6 10. Rb1 Ne7 11. Be2 O-O 12. Qh3 Bc8 13. Bg4 Bxg4 14. Qxg4 Qe8 15. Rb5 Nb8 16. Ne2 Qg6 17. Qe6+ Qf7 18. Qxf7+ Rxf7 19. f4 exf4 20. Nxf4 Ng6 21. Nxg6 hxg6 22. O-O Nd7 23. Re1 Re8 24. c5 dxc5 25. Rb2 Ne5 26. Rbe2 Rfe7 0-1

[Event "Social"]
[Site "?"]
[Date "1976.??.??"]
[Round "?"]
[White "Crossin, Austin D"]
[Black "Brameld, Arthur F"]
[Result "0-1"]
[WhiteElo "1860"]
[BlackElo "2140"]
[PlyCount "88"]
[EventDate "1976.??.??"]
[EventType "game"]

1. e4 c5 2. Nf3 Nc6 3. d4 cxd4 4. Nxd4 g6 5. Nc3 Bg7 6. Be3 Nf6 7. Nxc6 bxc6 8. e5 Nd5 9. Nxd5 cxd5 10. Qxd5 Rb8 11. Bc4 O-O 12. O-O-O Qc7 13. f4 Bb7 14. Qc5 Qxc5 15. Bxc5 Rfc8 16. b4 Bxg2 17. Rhg1 Bh3 18. Rg3 Bf5 19. Ra3 Bh6 20. Rd4 d6 21. exd6 exd6 22. Bxd6 Rd8 23. Rxa7 Rxd6 24. Bxf7+ Kf8 25. Rxd6 Bxf4+ 26. Rd2 Rd8 27. Bb3 Rxd2 28. Kb2 Be5+ 29. Ka3 Rxh2 30. c4 h5 31. c5 Ke8 32. b5 Bb2+ 33. Ka4 Bc3 34. b6 Bd7+ 35. Ka3 Bb2+ 36. Kb4 Rh4+ 37. Ka5 Bc3+ 38. Ka6 Rb4 39. Kb7 Bd4 40. Ra8+ Ke7 41. Ra5 h4 42. Bd5 g5 43. Ka8 Bxc5 44. Rxc5 Rxb6 0-1

[Event "Kriegsp."]
[Site "?"]
[Date "1976.??.??"]
[Round "?"]
[White "Brameld, Arthur F"]
[Black "Pratten, Wilf"]
[Result "0-1"]
[WhiteElo "2140"]
[BlackElo "1920"]
[PlyCount "94"]
[EventDate "1976.??.??"]
[EventType "game"]

1. e4 e6 2. d4 f6 3. f4 Kf7 4. c3 Nc6 5. Bd3 b6 6. h3 Bd6 7. Nf3 Nge7 8. g4 a6 9. a3 Bb7 10. b4 Ng6 11. Be3 Qb8 12. Nbd2 Qa7 13. Nb3 Rae8 14. Ra2 Qb8 15. Rg2 Re7 16. Kd2 Rhe8 17. h4 Kg8 18. Qb1 Nd8 19. f5 Nf8 20. g5 fxg5 21. hxg5 exf5 22. exf5 c5 23. bxc5 bxc5 24. dxc5 Bxc5 25. Nxc5 Nc6 26. Ne4 Re5 27. f6 gxf6 28. gxf6+ Ng6 29. f7+ Kxf7 30. Neg5+ Rxg5 31. Nxg5+ Ke7 32. Rxh7+ Kd6 33. Bxg6 Rg8 34. Ne4+ Ke5 35. Bd4+ Nxd4 36. cxd4+ Kxd4 37. Rh5 Bxe4 38. Bxe4 Rg3 39. Qd3+ Rxd3+ 40. Bxd3 Qe5 41. Rgh2 d5 42. R2h4+ Kc5 43. Re4 dxe4 44. Bxe4 Kd4 45. Bc2 Qe3+ 46. Kd1 Kc3 47. Rf5 Qd2# 0-1

[Event "Fare Summer Tourney"]
[Site "?"]
[Date "1976.??.??"]
[Round "?"]
[White "De Buriatte, Tim"]
[Black "Brameld, Arthur F"]
[Result "0-1"]
[WhiteElo "1735"]
[BlackElo "2140"]
[PlyCount "38"]
[EventDate "1976.??.??"]
[EventType "simul"]
[EventRounds "2"]

1. e4 Nf6 2. Nc3 d5 3. exd5 Nxd5 4. Nxd5 Qxd5 5. d3 e5 6. Bd2 Bc5 7. Be2 Qxg2 8. Be3 Bxe3 9. fxe3 Qxh1 10. Kd2 Nc6 11. c3 Bf5 12. Qa4 O-O-O 13. Rf1 Bxd3 14. Bxd3 e4 15. Kc1 exd3 16. Qg4+ Kb8 17. Rxf7 Qxh2 18. Qd1 d2+ 19. Kb1 Qxg1 0-1

[Event "Fare Summer Tourney"]
[Site "?"]
[Date "1976.??.??"]
[Round "?"]
[White "Brameld, Arthur F"]
[Black "Silber, Warwick"]
[Result "1-0"]
[WhiteElo "2140"]
[BlackElo "1910"]
[PlyCount "57"]
[EventDate "1976.??.??"]
[EventType "simul"]
[EventRounds "2"]

1. e4 e6 2. d4 d5 3. Nd2 dxe4 4. Nxe4 Nf6 5. Bd3 Nc6 6. Nf3 Be7 7. O-O O-O 8. c3 Nxe4 9. Bxe4 f5 10. Bd3 Bf6 11. Re1 Re8 12. Bf4 Re7 13. Qb3 Qe8 14. Re2 Kh8 15. Rae1 Na5 16. Qa3 b6 17. Ng5 h6 18. Nh3 Bb7 19. b4 Nc6 20. b5 Nd8 21. Bxf5 Qxb5 22. Be4 Bxe4 23. Rxe4 Qd5 24. Be5 Rf7 25. Nf4 Qd7 26. Ng6+ Kg8 27. Bxf6 gxf6 28. Rg4 Rg7 29. Qf8+ 1-0

[Event "FareCh"]
[Site "?"]
[Date "1976.??.??"]
[Round "?"]
[White "Brameld, Arthur F"]
[Black "Cole, Mike"]
[Result "1-0"]
[WhiteElo "2140"]
[BlackElo "1680"]
[PlyCount "43"]
[EventDate "1976.??.??"]
[EventType "swiss"]

1. c4 c5 2. g3 e6 3. Bg2 Nf6 4. e4 Nc6 5. Nc3 a6 6. Nge2 Na7 7. O-O d6 8. d4 cxd4 9. Nxd4 Be7 10. f4 O-O 11. Be3 Nc6 12. Qe2 Nxd4 13. Bxd4 e5 14. fxe5 dxe5 15. Bxe5 Bc5+ 16. Kh1 Ng4 17. Bf4 Nf2+ 18. Rxf2 Bxf2 19. Qxf2 Be6 20. Nd5 Qa5 21. Bd2 Qd8 22. Bb4 1-0

[Event "Simul"]
[Site "?"]
[Date "1976.??.??"]
[Round "?"]
[White "Barden, Leonard"]
[Black "Brameld, Arthur F"]
[Result "0-1"]
[WhiteElo "2400"]
[BlackElo "2140"]
[PlyCount "104"]
[EventDate "1976.??.??"]
[EventType "game"]

1. c4 e5 2. Nc3 Nc6 3. g3 g6 4. Bg2 Bg7 5. Nf3 d6 6. O-O Nge7 7. Rb1 Be6 8. d3 h6 9. b4 Qd7 10. b5 Nd8 11. Re1 O-O 12. Nd2 f5 13. a4 c6 14. bxc6 Ndxc6 15. Ba3 Rae8 16. Nd5 b6 17. e3 Na5 18. f4 Bxd5 19. cxd5 exf4 20. gxf4 Rc8 21. Bb4 Bc3 22. Bxc3 Rxc3 23. Nf3 Nxd5 24. Nd4 Rc5 25. Bxd5+ Rxd5 26. Qf3 Rc5 27. Rb4 Rfc8 28. Ne2 Nc6 29. Rb5 Qe6 30. d4 Rxb5 31. axb5 Ne7 32. Ng3 Qd5 33. Qxd5+ Nxd5 34. Ra1 Rc7 35. Kf2 Nc3 36. h4 h5 37. Ne2 Nxb5 38. d5 Rc5 39. e4 fxe4 40. Ke3 Rc4 41. f5 gxf5 42. Rg1+ Kf7 43. Nf4 Rc3+ 44. Kd2 Rf3 45. Nxh5 Rd3+ 46. Kc2 Rxd5 47. Rg7+ Kf8 48. Rb7 Rc5+ 49. Kd2 Rc7 50. Rb8+ Kf7 51. Ke3 Rc3+ 52. Kf4 Kg6 0-1

[Event "Ports Lge"]
[Site "?"]
[Date "1976.??.??"]
[Round "?"]
[White "Jackson, N."]
[Black "Brameld, Arthur F"]
[Result "1-0"]
[WhiteElo "1990"]
[BlackElo "2140"]
[PlyCount "60"]
[EventDate "1976.??.??"]
[EventType "simul"]
[EventRounds "10"]

1. c4 e5 2. Nc3 Nc6 3. g3 g6 4. Bg2 Bg7 5. e4 d6 6. Nge2 Be6 7. d3 Qd7 8. Nd5 Nce7 9. Be3 c6 10. Nxe7 Nxe7 11. O-O Bh3 12. d4 Bxg2 13. Kxg2 h5 14. h4 O-O 15. Qd2 Rfd8 16. Rad1 exd4 17. Bxd4 Bxd4 18. Qxd4 Qe6 19. Nf4 Qe5 20. Rd2 Qxd4 21. Rxd4 c5 22. Rd2 Nc6 23. Rfd1 Nd4 24. Ne2 Nxe2 25. Rxe2 Kf8 26. Red2 Ke7 27. Rd5 Rd7 28. Kf3 Rad8 29. Kf4 Ke6 30. R1d3 b6 1-0

[Event "Barnstaple"]
[Site "?"]
[Date "1976.??.??"]
[Round "1"]
[White "Derrick, Ken"]
[Black "Brameld, Arthur F"]
[Result "1/2-1/2"]
[WhiteElo "1840"]
[BlackElo "2140"]
[PlyCount "86"]
[EventDate "1976.??.??"]
[EventType "simul"]
[EventRounds "5"]

1. e4 Nf6 2. e5 Nd5 3. d4 d6 4. c4 Nb6 5. exd6 cxd6 6. Nc3 g6 7. Nf3 Bg7 8. Be2 O-O 9. O-O Bg4 10. Be3 Nc6 11. b3 d5 12. Nxd5 Nxd5 13. cxd5 Qxd5 14. Qd2 Qd7 15. Rac1 Rfd8 16. Rfd1 Bxf3 17. Bxf3 Nxd4 18. Bxd4 Bxd4 19. Qb4 Rab8 20. Rc4 e5 21. Rdc1 Rdc8 22. h3 b6 23. Bg4 f5 24. Bf3 Rxc4 25. Qxc4+ Kg7 26. b4 Rd8 27. Bd1 b5 28. Qc7 Kh6 29. Bb3 Bb6 30. Qxd7 Rxd7 31. Rd1 Bd4 32. Kf1 g5 33. Be6 Rc7 34. Bxf5 Rc4 35. Rb1 Rc3 36. f3 Kg7 37. Be4 h6 38. Ke2 Kf6 39. Kd1 Ke6 40. Rc1 Kd6 41. Kd2 Rxc1 42. Kxc1 Bc3 43. a3 Be1 1/2-1/2

[Event "Barnstaple"]
[Site "?"]
[Date "1976.??.??"]
[Round "2"]
[White "Brameld, Arthur F"]
[Black "Lane, Garry"]
[Result "1/2-1/2"]
[WhiteElo "2140"]
[BlackElo "2835"]
[PlyCount "35"]
[EventDate "1976.??.??"]
[EventType "simul"]
[EventRounds "5"]

1. e4 e5 2. Nf3 Nc6 3. d4 exd4 4. c3 dxc3 5. Bc4 d6 6. Nxc3 Nf6 7. Qb3 Qe7 8. Ng5 Ne5 9. Bb5+ c6 10. f4 Ned7 11. Be3 h6 12. Nxf7 Qxf7 13. Bc4 Qg6 14. f5 Qh5 15. Be2 Qf7 16. Bc4 Qh5 17. Be2 Qf7 18. Bc4 1/2-1/2

[Event "Barnstaple"]
[Site "?"]
[Date "1976.??.??"]
[Round "3"]
[White "Turner, B."]
[Black "Brameld, Arthur F"]
[Result "1/2-1/2"]
[WhiteElo "1815"]
[BlackElo "2140"]
[PlyCount "84"]
[EventDate "1976.??.??"]
[EventType "simul"]
[EventRounds "5"]

1. d4 Nf6 2. Nf3 e6 3. e3 d5 4. Bd3 c5 5. c3 b6 6. Nbd2 Nc6 7. O-O Qc7 8. Re1 Be7 9. h3 Bb7 10. a3 a5 11. Qa4 O-O 12. dxc5 bxc5 13. c4 Nd7 14. cxd5 exd5 15. Qc2 g6 16. e4 Nce5 17. Nxe5 Nxe5 18. exd5 Nxd3 19. Qxd3 Rad8 20. Nf3 Rxd5 21. Qc3 Rf5 22. Rxe7 Qxe7 23. Bh6 Qf6 24. Qxf6 Rxf6 25. Bxf8 Kxf8 26. Ne5 Rf5 27. Nc4 Rg5 28. g3 a4 29. Rd1 Ke7 30. Ne3 Re5 31. Rc1 Bc6 32. Kf1 Bb5+ 33. Ke1 Kd6 34. Kd2 Kc6 35. Kc3 f5 36. Kd2 Re4 37. Rc3 Rd4+ 38. Kc1 f4 39. Nc2 Rd7 40. gxf4 Be2 41. Ne3 Rd4 42. Rc2 Bd3 1/2-1/2

[Event "Barnstaple"]
[Site "?"]
[Date "1976.??.??"]
[Round "4"]
[White "Brameld, Arthur F"]
[Black "Schofield, K."]
[Result "1-0"]
[WhiteElo "2140"]
[BlackElo "1880"]
[PlyCount "67"]
[EventDate "1976.??.??"]
[EventType "simul"]
[EventRounds "5"]

1. e4 c5 2. Nf3 Nf6 3. e5 Nd5 4. c3 Nc6 5. d4 d6 6. dxc5 dxc5 7. Bb5 Qb6 8. Bc4 e6 9. O-O Nde7 10. Qe2 Bd7 11. Na3 a6 12. Ng5 h6 13. Ne4 Nf5 14. f4 Qa7 15. g4 Nh4 16. Qf2 Ng6 17. Be3 b6 18. Rad1 O-O-O 19. b4 Qb7 20. Qe2 b5 21. Bxc5 Bxc5+ 22. bxc5 Qa7 23. Bxb5 Nb8 24. Bxd7+ Rxd7 25. Nc4 Rxd1 26. Nb6+ Kc7 27. Rxd1 Nxf4 28. Qd2 Nd5 29. Nxd5+ exd5 30. Qxd5 Nc6 31. Qd7+ Kb8 32. Qxc6 Qb7 33. Qxb7+ Kxb7 34. Rd7+ 1-0

[Event "Barnstaple"]
[Site "?"]
[Date "1976.??.??"]
[Round "5"]
[White "Jones, C."]
[Black "Brameld, Arthur F"]
[Result "1/2-1/2"]
[WhiteElo "2005"]
[BlackElo "2140"]
[PlyCount "40"]
[EventDate "1976.??.??"]
[EventType "simul"]
[EventRounds "5"]

1. e4 Nf6 2. e5 Nd5 3. c4 Nb6 4. c5 Nd5 5. Bc4 c6 6. Nc3 d6 7. Qb3 Nd7 8. Bxd5 cxd5 9. exd6 Nxc5 10. Qb5+ Nd7 11. Nxd5 exd6 12. Nf3 Be7 13. O-O O-O 14. Nxe7+ Qxe7 15. Re1 Qf6 16. d4 h6 17. Bd2 Nb6 18. Bc3 Bg4 19. Re3 Qf5 20. Qxf5 Bxf5 1/2-1/2

[Event "BrChQual"]
[Site "?"]
[Date "1976.??.??"]
[Round "?"]
[White "Street, Martin"]
[Black "Brameld, Arthur F"]
[Result "0-1"]
[WhiteElo "1790"]
[BlackElo "2140"]
[PlyCount "40"]
[EventDate "1976.??.??"]
[EventType "simul"]
[EventRounds "9"]

1. d4 f5 2. c4 Nf6 3. Nc3 d6 4. g3 c6 5. Bg2 Qc7 6. f4 e5 7. dxe5 dxe5 8. fxe5 Ng4 9. e3 Be6 10. Qe2 Nd7 11. Nf3 Ndxe5 12. b3 O-O-O 13. Nxe5 Qxe5 14. Bd2 Bb4 15. Rc1 Bc5 16. Nd1 Nxh2 17. Qf2 Ng4 18. Qf4 g5 19. Qxe5 Nxe5 20. O-O Rxd2 0-1

[Event "Ports Lge"]
[Site "?"]
[Date "1976.??.??"]
[Round "?"]
[White "Brameld, Arthur F"]
[Black "Carter, Anthony FC"]
[Result "1-0"]
[WhiteElo "2140"]
[BlackElo "2140"]
[PlyCount "43"]
[EventDate "1976.??.??"]
[EventType "simul"]
[EventRounds "10"]

1. e4 c5 2. Nf3 d6 3. d4 cxd4 4. Qxd4 Nc6 5. Bb5 Bd7 6. Bxc6 Bxc6 7. Nc3 e6 8. Bg5 Nf6 9. O-O-O Be7 10. Rhe1 Qa5 11. e5 Bxf3 12. gxf3 O-O-O 13. Bxf6 gxf6 14. exf6 Qg5+ 15. f4 Qxf6 16. Qxa7 Qxf4+ 17. Kb1 Qb4 18. Nd5 Qh4 19. Rd4 exd5 20. Rxh4 Bxh4 21. Re3 Bf6 22. Rb3 1-0

[Event "FareCh"]
[Site "?"]
[Date "1976.??.??"]
[Round "?"]
[White "Rudgeley, Ian"]
[Black "Brameld, Arthur F"]
[Result "0-1"]
[WhiteElo "2860"]
[BlackElo "2140"]
[PlyCount "74"]
[EventDate "1976.??.??"]
[EventType "swiss"]

1. d4 Nf6 2. c4 e6 3. Nc3 Bb4 4. Bg5 h6 5. Bh4 c5 6. d5 Bxc3+ 7. bxc3 e5 8. e3 d6 9. f3 Nbd7 10. Nh3 g5 11. Bg3 Nh5 12. Be2 f5 13. f4 Nxg3 14. hxg3 g4 15. Nf2 e4 16. Bxg4 fxg4 17. Qxg4 Qe7 18. Qg6+ Kd8 19. Rxh6 Rxh6 20. Qxh6 Qf6 21. Qxf6+ Nxf6 22. g4 Bxg4 23. Nxg4 Nxg4 24. Ke2 Ke7 25. Rh1 Nf6 26. Rg1 Rh8 27. g4 Rh2+ 28. Ke1 Rxa2 29. Rg3 Rh2 30. g5 Nh5 31. Rg4 Ng7 32. f5 Nxf5 33. Rxe4+ Kd7 34. Re6 Rg2 35. e4 Ne7 36. e5 dxe5 37. Rxe5 Rg4 0-1